Guess 90s Rock Artists/Groups - Statistics

General Stats
  • This quiz has been taken 101 times
  • The average score is 5 of 15
Answer Stats
Song Name Rock Artist % Correct
smells like teen spirit Nirvana
100%
Back in Black A/C D/C
86%
21 guns GreenDay
58%
Would Alice in Chains
47%
Down with the Sickness Disturbed
44%
Tom Sawyer Rush
43%
What i've done Linkin Park
31%
Blind Korn
23%
Snuff Slipknot
22%
Voodo Godsmack
13%
So Cold Breaking Benjamin
10%
Undead Hollywood Undead
7%
Help Papa Roach
5%
Get up Shinedown
5%
Trenches Pop Evil
4%
No matching quizzes found
Score Distribution
Percent of People with Each Score
Percentile by Number Answered
Your Score History
You have not taken this quiz